Contos de Andersen (Registo nº 2196)

Detalhes MARC
000 -Etiqueta do registo
Cabeçalho 00773nam a22002651 4500
005 - Identificador da versão
Campo de controlo 20240813121927.0
010 ## - Número internacional normalizado dos livros (ISBN)
Número (ISBN) 9727081029
021 ## - Número do Depósito Legal
Código do país PT
Número 28001
100 ## - Dados gerais de processamento
Dados gerais de processamento 19981124d199? da y0pory5003 ba
102 ## - Pais de publicação ou produção
País de publicação Portugal
101 0# - Língua de publicação
Língua do texto, banda sonora, etc. Português
106 ## - Campo de dados codificados: material textual
Dados codificados do material textual r
105 ## - Campo de dados codificados: livros
Dados codificados dos livros y z 001fy
215 ## - Descrição física 
Indicação específica da natureza do documento e extensão da espécie 96 p.
Dimensões 22 cm
200 1# - Titulo e menção de responsabilidade
Título próprio Contos de Andersen
Primeira menção de responsabilidade Hans Cristian Andersen
Outras menções de responsabilidade trad. Cabral do Nascimento
210 ## - Publicação, Distribuição, etc. 
Lugar da edição, distribuição, etc. Lisboa
Nome do editor, distribuidor, etc. Relógio D'água
Data da publicação, distribuição, etc. [199?]
606 ## - Nome comum usado como assunto
Número de registo de entrada de autoridade 0000015
Palavra de ordem Literatura estrangeira infanto-juvenil
Subdivisão de assunto Conto
675 ## - Classificação Decimal Universal (CDU)
Notação 82-34
Edição
Língua da edição por
702 #1 - Nome de autor-pessoa física (responsabilidade secundária)
Número de registo de entrada de autoridade 0001008
Palavra de ordem Nascimento
Outra parte do nome não tomada para palavra de ordem Cabral do
Datas 1897-1978
Código de função Tradutor
700 #1 - Nome de autor-pessoa física (responsabilidade principal)
Número de registo de entrada de autoridade 0000420
Palavra de ordem Andersen
Outra parte do nome não tomada para palavra de ordem Hans Christian
Datas 1805-1875
942 ## - Elementos de entrada adicionados (Koha)
Tipo de item no Koha Livro
Exemplares
Situação do levantamento Origin of item (home branch) (coded) Biblioteca de empréstimo Código de barras Cota Circulation type (not for loan) Tipo de documento Nota do exemplar Damaged status
  Biblioteca Escolar da Coca Maravilhas Biblioteca Escolar da Coca Maravilhas BECM3624/98 8EST AND   Livro Sem mensagem